000 00435nam a2200181Ia 4500
001 3222
005 20260306144905.0
008 260306t1964||||xx |||||||||||||| ||spa||
041 _aESP
082 _a262.52
_bE38
100 _aSecretaria Generale del Concilio
_eAUT
245 0 _aElenco dei padri conciliari
260 _c1964
300 _a226 páginas :
_c17 cm.
650 _aGEN
654 _aCHU
942 _cLIB
_dJUS
_fJUS
_2ddc
_n
999 _c3222
_d3222